الرسالة الفقهية / (رقم التسجيلة. 40377)

تفاصيل مارك
000 -LEADER
fixed length control field 00722nam a22002057a 4500
005 - DATE AND TIME OF LATEST TRANSACTION
control field 20251108170127.0
008 - FIXED-LENGTH DATA ELEMENTS--GENERAL INFORMATION
fixed length control field 250721s1997 xx 000 0 ara d
082 14 - DEWEY DECIMAL CLASSIFICATION NUMBER
Classification number م/216/زيد
100 1# - MAIN ENTRY--PERSONAL NAME
Personal name إبن أبي زيد، أبو عبد الله محمد النفراوي
245 10 - TITLE STATEMENT
Title الرسالة الفقهية /
246 13 - VARYING FORM OF TITLE
Title proper/short title غرر المقالة في شرح غريب الرسالة
264 1# - PRODUCTION, PUBLICATION, DISTRIBUTION, MANUFACTURE, AND COPYRIGHT NOTICE
Place of production, publication, distribution, manufacture بيروت :
Name of producer, publisher, distributor, manufacturer دار الغرب الإسلامي،
Date of production, publication, distribution, manufacture, or copyright notice 1997.
300 ## - PHYSICAL DESCRIPTION
Extent 332ص
650 17 - SUBJECT ADDED ENTRY--TOPICAL TERM
Topical term or geographic name as entry element الفقه الإسلامي
650 17 - SUBJECT ADDED ENTRY--TOPICAL TERM
Topical term or geographic name as entry element الأحكام الشرعية
700 1# - ADDED ENTRY--PERSONAL NAME
Personal name حمو، الهادي
Relator term تحقيق
700 1# - ADDED ENTRY--PERSONAL NAME
Personal name أبو الأجفان، محمد
Relator term تحقيق
942 ## - ADDED ENTRY ELEMENTS (KOHA)
Source of classification or shelving scheme Dewey Decimal Classification
Koha item type مراجع
المقتنيات
حالة السحب حالة الفقدان مصدر التصنيف حالة التلف غير قابل للإعارة المكتبة الرئيسية المكتبة الحالية موقع الرف تاريخ التزويد الرقم المتسلسل Total Checkouts رقم الإستدعاء الباركود تاريخ آخر ظهور تاريخ الفاتورة نوع المادة (كوها)
    Dewey Decimal Classification   Not For Loan المكتبة المركزية المكتبة المركزية مراجع 06/07/2004 470016   م/216/زيد 470016 28/07/2025 06/07/2004 مراجع
Implemented & Customized by: BBB with SCIT (Smart Chains for Information Technology)

Powered by Koha